000
00253nam a2200109Ia 4500
008
200302s9999 xx 000 0 und d
100
_a
C. N. Ledoux
245
_a
Architecture
260
_b
Princeton Architectural Press
260
_c
1983
300
_a
299 P.,
999
_c
762
_d
762